000 00341 a2200157 4500
001 188326
020 _a
040 _cMagnum
100 _aNeves, Elza Aguiar
240 1 0 _aCarol, a boneca que tem alma
_lpor
245 1 0 _aCarol, a boneca que tem alma
300 _a26
362 0 _a2008
697 _aLITERATURA INFANTO
942 _cBK
999 _c188326
_d188326